Statistics for Five Country Superlatives by Continent

Click here to take the quiz!

General Stats

  • This quiz has been taken 2,393 times
  • The average score is 21 of 30

Answer Stats

ContinentSuperlativeCountry% Correct
EuropeMost touristsFrance
94%
OceaniaBiggest by areaAustralia
90%
North AmericaHighest Spanish pop.Mexico
89%
AfricaFirst alphabeticallyAlgeria
88%
South AmericaLargest exporterBrazil
88%
North AmericaColdest (rec. temp.)Canada
88%
AsiaMost Disney parksChina
88%
OceaniaShortest nameFiji
87%
AfricaNewestSouth Sudan
85%
EuropeSouthernmostGreece
84%
North AmericaLargest island (area)Cuba
82%
South AmericaSmallest landlockedParaguay
81%
AsiaFirst 'I' countryIndia
78%
OceaniaMost spoken languagesP.N.G.
78%
South AmericaMost inland waterColombia
77%
OceaniaLongest nameF.S. of Micronesia
77%
OceaniaLeast populatedNauru
76%
South AmericaMost fish caughtPeru
76%
South AmericaLargest pop. densityEcuador
71%
North AmericaMost bordersGuatemala
69%
EuropePoorest (per capita)Moldova
65%
North AmericaSmallest land areaSt Kitts & Nevis
62%
EuropeMost Muslims (%)Kosovo
61%
AfricaMost elevatedTanzania
61%
AsiaLeast peacefulSyria
60%
EuropeHeaviest-drinkingBelarus
42%
AsiaLowest fertility rateSingapore
40%
AfricaSmallest coastalSeychelles
30%
AsiaHighest % obeseKuwait
22%
AfricaLowest net migrationSudan
17%

Score Distribution

Percentile by Number Answered

Percent of People with Each Score

Your Score History

You have not taken this quiz